Omanuyot shel ḥen : ḥalon li-feʻilut ha-maḥlaḳah le-omanuyot ha-bamah.

Saved in:
Bibliographic Details
Corporate Author: Jerusalem. Agaf le-ḥevrah ule-noʻar.
Format: Book
Language:Hebrew
Published: Yerushalayim : ʻIriyat Yerushalayim, Agaf le-ḥevrah ule-noʻar, [1993?]
Subjects:
Tags: Add Tag
No Tags, Be the first to tag this record!
LEADER 00642nam a22001937a 4500
001 005515211-2
005 20020606163548.3
008 910418s1993 is 00||||heb|d
035 0 |a ocm32330291 
110 1 |a Jerusalem.  |b Agaf le-ḥevrah ule-noʻar. 
245 1 0 |a Omanuyot shel ḥen :  |b ḥalon li-feʻilut ha-maḥlaḳah le-omanuyot ha-bamah. 
260 |a Yerushalayim :  |b ʻIriyat Yerushalayim, Agaf le-ḥevrah ule-noʻar,  |c [1993?] 
300 |a 1 v. (unpaged) ;  |c 30 cm. 
650 0 |a Theater  |z Jerusalem. 
650 0 |a Youth  |z Jerusalem. 
651 0 |a Jerusalem  |x Intellectual life. 
752 |a Israel  |d Jerusalem 
988 |a 20020608 
906 |0 MH